<?xml version="1.0" encoding="UTF-8"?>
<collection xmlns="http://www.loc.gov/MARC21/slim">
 <record>
  <leader>01243nam a22002177a 4500</leader>
  <controlfield tag="001">NCT_54397</controlfield>
  <controlfield tag="008">181025b        xxu||||| |||| 00| 0 vie d</controlfield>
  <datafield tag="999" ind1=" " ind2=" ">
   <subfield code="c">2610</subfield>
   <subfield code="d">2610</subfield>
  </datafield>
  <datafield tag="020" ind1=" " ind2=" ">
   <subfield code="a">9786046464846</subfield>
   <subfield code="c">93000</subfield>
  </datafield>
  <datafield tag="082" ind1="0" ind2="4">
   <subfield code="2">23rd ed.</subfield>
   <subfield code="a">153.6</subfield>
   <subfield code="b">L105</subfield>
  </datafield>
  <datafield tag="100" ind1="1" ind2=" ">
   <subfield code="a">Trịnh Tiểu Lan</subfield>
   <subfield code="e">Chủ biên</subfield>
  </datafield>
  <datafield tag="245" ind1="1" ind2="0">
   <subfield code="a">Nói thế nào để được chào đón làm thế nào để được ghi nhận</subfield>
   <subfield code="c">Trịnh Tiểu Lan ; Thu Trần (dịch)</subfield>
  </datafield>
  <datafield tag="260" ind1=" " ind2=" ">
   <subfield code="a">H.</subfield>
   <subfield code="b">Thanh niên</subfield>
   <subfield code="c">2017</subfield>
  </datafield>
  <datafield tag="300" ind1=" " ind2=" ">
   <subfield code="a">271 tr.</subfield>
   <subfield code="c">23cm</subfield>
  </datafield>
  <datafield tag="520" ind1="3" ind2=" ">
   <subfield code="a">Sách giúp cho bạn hiểu ưu điểm của mình thông qua cách nói chuyện, làm việc khóe léo, lầm thế nào để gây ấn tượng tốt với người khác chỉ qua lần gập gỡ ban đầu.</subfield>
  </datafield>
  <datafield tag="653" ind1=" " ind2=" ">
   <subfield code="a">Tham khảo</subfield>
  </datafield>
  <datafield tag="700" ind1="1" ind2=" ">
   <subfield code="a">Thu Trần </subfield>
   <subfield code="e">Dịch</subfield>
  </datafield>
  <datafield tag="942" ind1=" " ind2=" ">
   <subfield code="2">ddc</subfield>
   <subfield code="c">BK</subfield>
  </datafield>
  <datafield tag="952" ind1=" " ind2=" ">
   <subfield code="0">0</subfield>
   <subfield code="1">0</subfield>
   <subfield code="2">ddc</subfield>
   <subfield code="4">0</subfield>
   <subfield code="6">153_600000000000000_L105</subfield>
   <subfield code="7">0</subfield>
   <subfield code="9">14763</subfield>
   <subfield code="a">000001</subfield>
   <subfield code="b">000001</subfield>
   <subfield code="d">2018-10-25</subfield>
   <subfield code="o">153.6 L105</subfield>
   <subfield code="p">TK.01154</subfield>
   <subfield code="r">2018-10-25</subfield>
   <subfield code="v">93000.00</subfield>
   <subfield code="w">2018-10-25</subfield>
   <subfield code="y">BK</subfield>
  </datafield>
  <datafield tag="952" ind1=" " ind2=" ">
   <subfield code="0">0</subfield>
   <subfield code="1">0</subfield>
   <subfield code="2">ddc</subfield>
   <subfield code="4">0</subfield>
   <subfield code="6">153_600000000000000_L105</subfield>
   <subfield code="7">0</subfield>
   <subfield code="9">14764</subfield>
   <subfield code="a">000001</subfield>
   <subfield code="b">000001</subfield>
   <subfield code="d">2018-10-25</subfield>
   <subfield code="o">153.6 L105</subfield>
   <subfield code="p">TK.01155</subfield>
   <subfield code="r">2018-10-25</subfield>
   <subfield code="v">93000.00</subfield>
   <subfield code="w">2018-10-25</subfield>
   <subfield code="y">BK</subfield>
  </datafield>
  <datafield tag="980" ind1=" " ind2=" ">
   <subfield code="a">Thư viện Trường Đại học Nam Cần Thơ</subfield>
  </datafield>
 </record>
</collection>
